The industrial colour bar in South Africa
保存先:
| 第一著者: | |
|---|---|
| フォーマット: | 図書 |
| 言語: | Undetermined |
| 出版事項: |
New York
Oxford University Press
1961
|
| 主題: | |
| タグ: |
タグ追加
タグなし, このレコードへの初めてのタグを付けませんか!
|
| Thư viện lưu trữ: | Trung tâm Học liệu Trường Đại học Cần Thơ |
|---|
| LEADER | 00555nam a2200193Ia 4500 | ||
|---|---|---|---|
| 001 | CTU_77988 | ||
| 008 | 210402s9999 xx 000 0 und d | ||
| 082 | |a 331.112 | ||
| 082 | |b D752 | ||
| 100 | |a Doxey, G. V. | ||
| 245 | 4 | |a The industrial colour bar in South Africa | |
| 245 | 0 | |c G. V. Doxey | |
| 260 | |a New York | ||
| 260 | |b Oxford University Press | ||
| 260 | |c 1961 | ||
| 650 | |a Labor supply,Discrimination in employment | ||
| 650 | |z South Africa,South Africa | ||
| 904 | |i Mai Loan | ||
| 980 | |a Trung tâm Học liệu Trường Đại học Cần Thơ | ||